书目信息 |
| 题名: |
《国民经济核算原理与中国实践(第三版)》学习指导书
|
|
| 作者: | 高敏雪 , 刘晓静 , 吴淑丽 编著 | |
| 分册: | ||
| 出版信息: | 北京 中国人民大学出版社 2013 |
|
| 页数: | 216页 | |
| 开本: | 26cm | |
| 丛书名: | ||
| 单 册: | ||
| 中图分类: | F222.33 | |
| 科图分类: | ||
| 主题词: | 国民经济核算--高等教育--教学参考资料 , 国民经济核算 | |
| 电子资源: | ||
| ISBN: | 978-7-300-17395-5 | |
| 000 | 01369nam0 2200289 450 | |
| 001 | 523 | |
| 005 | 20140908163213.81 | |
| 010 | @a978-7-300-17395-5@dCNY25.00 | |
| 100 | @a20130724d2013 em y0chiy50 ea | |
| 101 | 0 | @achi |
| 102 | @aCN@b110000 | |
| 105 | @ay z 000yy | |
| 106 | @ar | |
| 200 | 1 | @a《国民经济核算原理与中国实践(第三版)》学习指导书@A《 Guo Min Jing Ji He Suan Yuan Li Yu Zhong Guo Shi Jian( Di San Ban)》 Xue Xi Zhi Dao Shu@aStudy guide to system of national accounts: principles and China's practice@f高敏雪,刘晓静,吴淑丽编著@FGao Min Xue, Liu Xiao Jing, Wu Shu Li Bian Zhu@zeng |
| 210 | @a北京@c中国人民大学出版社@d2013 | |
| 215 | @a216页@d26cm | |
| 300 | @a普通高等教育“十一五”国家级规划教材 配套参考书 21世纪统计学系列教材 | |
| 330 | @a本书共分为11章,内容包括:总论、国内生产总值核算、投入产出核算、资金流量核算、资金流量核算——金融交易、资产负债核算、国际收支及国际投资头寸核算、国民经济帐户体系和矩阵表等。 | |
| 510 | 1 | @aStudy guide to system of national accounts: principles and China's practice@zeng |
| 606 | 0 | @a国民经济核算@x高等教育@j教学参考资料 |
| 606 | 0 | @a国民经济核算 |
| 690 | @aF222.33@v5 | |
| 701 | 0 | @a高敏雪@AGao Min Xue@f(1958~)@4编著 |
| 701 | 0 | @a刘晓静@ALiu Xiao Jing@c(经济学)@4编著 |
| 701 | 0 | @a吴淑丽@AWu Shu Li@4编著 |
| 801 | 0 | @aCN@bTANGWEI@c20140603 |
| 905 | @b0841640-42@dF222.33@e406@f3 | |
| 《国民经济核算原理与中国实践(第三版)》学习指导书;Study guide to system of national accounts: principles and China's practice/高敏雪,刘晓静,吴淑丽编著.-北京:中国人民大学出版社,2013 |
| 216页;26cm |
| 普通高等教育“十一五”国家级规划教材 配套参考书 21世纪统计学系列教材 |
| ISBN 978-7-300-17395-5:CNY25.00 |
| 本书共分为11章,内容包括:总论、国内生产总值核算、投入产出核算、资金流量核算、资金流量核算——金融交易、资产负债核算、国际收支及国际投资头寸核算、国民经济帐户体系和矩阵表等。 |
| ● |
| 相关链接 |
|
|
|
|
正题名:《国民经济核算原理与中国实践(第三版)》学习指导书
索取号:F222.33/406
 
预约/预借
| 序号 | 登录号 | 条形码 | 馆藏地/架位号 | 状态 | 备注 |
| 1 | 0841640 | 208416409 | 第一样本阅览室/ [索取号:F222.33/406] | 在馆 | |
| 2 | 0841641 | 208416418 | 密集书库-海洋学院/ [索取号:F222.33/406] | 在馆 | |
| 3 | 0841642 | 208416427 | 第一借阅区/ [索取号:F222.33/406] | 在馆 |